Movilidad del trabajo y acumulación de capital /

Gespeichert in:
Bibliographische Detailangaben
1. Verfasser: Gaudemar, Jean-Paul de (autor)
Format: Buch
Sprache:Spanisch
Veröffentlicht: México : Era, 1979, c1979
Schriftenreihe:(El Hombre y su Tiempo)
Schlagworte:
Tags: Tag hinzufügen
Keine Tags, Fügen Sie das erste Tag hinzu!

MARC

LEADER 00000nam^a2200000^a^4500
001 000156423
005 20250521000000.0
009 20260310100504.449
020 |a 968-411-000-6 
037 |a Acervo ITESO - Biblioteca 
041 |a ESP 
082 |a 306. 36  |b GAU 
100 |a Gaudemar, Jean-Paul de  |e (autor) 
245 1 0 |a Movilidad del trabajo y acumulación de capital /  |c J.P. de Gaudemar ; tr. por Uxoa Doyhamboure, Oscar Barahona. 
264 4 |a México :  |b Era,  |c 1979, c1979 
300 |a 279 p. 
336 |a texto  |b txt  |2 rdacontenido 
337 |a sin mediación  |b n  |2 rdamedio 
338 |a volumen  |b nc  |2 rdasoporte 
440 3 |a (El Hombre y su Tiempo) 
500 |a Traducción de: Mobilité du travail et accumulation du capital 
649 |a XX 
650 |a Rotación Laboral -  |x Tema Principal 
650 |a Movilidad en el Trabajo 
650 |a Empleo y Desempleo -  |x Teoría 
650 |a Economía Laboral 
650 |a Distribución del Ingreso 
650 |a Plusvalía 
650 |a Mercado de Trabajo 
650 |a Ocupaciones (Economía) 
650 |a Productividad -  |x Teoría 
650 |a Migración Rural-Urbana 
650 |a Desarrollo Económico-Social 
650 |a Estructura Económica 
650 |a Capitalismo 
650 |a Marxismo 
650 |a Igualdad y Desigualdad 
650 |a Desarrollo Económico-Social 
650 |a Economía Política 
650 |a Economía -  |x Teoría 
910 |a Fondo General 
920 |a Impresos - Libros 
930 |a Colección General 
905 |a 101 
901 |a 0500084604  |b IT1  |c ACC  |u 20250521 
902 |a https://opac.biblio.iteso.mx/vufind/Record/000156423